FUNDAMENTALS OF MATHEMATICS / (Record no. 617367)

000 -LEADER
fixed length control field 00344nam a22001337a 4500
020 ## - INTERNATIONAL STANDARD BOOK NUMBER
Qualifying information PB.
040 ## - CATALOGING SOURCE
Transcribing agency FIZZA ISHAQ
082 ## - DEWEY DECIMAL CLASSIFICATION NUMBER
Classification number 510.2
Author Mark JAM
100 ## - MAIN ENTRY--PERSONAL NAME
Personal name STREETER,JAMES.
9 (RLIN) 133294
245 ## - TITLE STATEMENT
Title FUNDAMENTALS OF MATHEMATICS /
Statement of responsibility, etc. JAMES STREETER.
260 ## - PUBLICATION, DISTRIBUTION, ETC.
Place of publication, distribution, etc. NEW YORK ;
Name of publisher, distributor, etc. McGRAW-HILL,
Date of publication, distribution, etc. 1995.
300 ## - PHYSICAL DESCRIPTION
Extent 634 P. ;
Dimensions 11.1X8.9IN
942 ## - ADDED ENTRY ELEMENTS (KOHA)
Source of classification or shelving scheme
Koha item type Book
Holdings
Withdrawn status Lost status Source of classification or shelving scheme Damaged status Not for loan Permanent Location Current Location Shelving location Date acquired Total Checkouts Full call number Barcode Date last seen Price effective from Koha item type
          NUST Baluchistan Campus (NBC) NUST Baluchistan Campus (NBC) Text Books 05/08/2026   510.2 JAM QD- 68 05/08/2026 05/08/2026 Book
© 2023 Central Library, National University of Sciences and Technology. All Rights Reserved.